000 00606nam a2200229Ia 4500
003 0100
008 130307s9999 xx 000 0 und d
020 _a0924768061
040 _cARRUPELIB
050 _aBX2179.L8I24 1996
245 _aIgnation Exercises
245 _bcontemporary annotations
260 _bReview for religious
260 _c1996
300 _a358p.
300 _b22cm.
650 _bYoung adults - Religious life
650 _cLeadership - Religious aspects - Christianity
650 _dCollege graduates - Religious life
700 _aFleming, David L.(ed.)
942 0 0 _08
999 _c98638
_d98638